000 00388nam a2200145 i 4500
001 bg
100 1 _aMICHAŁOWSKI, Zenon
245 0 _aĆwiczenia laboratoryjne z chemii ogólnej i nieorganicznej /
_cZ. Michałowski, J. Preizner.
250 _aWyd.5 zm. i popr.
260 _aGdynia,
_c1984.
040 _cBPK
041 _apol
942 _cKS
008 s pl f |000 0 pol
999 _c832
_d832
856 _uhttp://koha.tu.koszalin.pl/cgi-bin/koha/opac-detail.pl?biblionumber=832
_yKatalog online BPK